Normal view
MARC view
Entry Personal Name
001 - CONTROL NUMBER
- control field: 21748
003 - CONTROL NUMBER IDENTIFIER
- control field: ARRUPE
005 - DATE AND TIME OF LATEST TRANSACTION
- control field: 20160125123843.0
008 - FIXED-LENGTH DATA ELEMENTS
- fixed length control field: 160125|| aca||aabn | a|a d
040 ## - CATALOGING SOURCE
- Original cataloging agency: ARRUPE
- Transcribing agency: ARRUPE
100 ## - HEADING--PERSONAL NAME
- Personal name: Wittgenstein, Ludwig,
- Dates associated with a name: 1889-1951.
- Title of a work: Tractatus logico-philosophicus.
670 ## - SOURCE DATA FOUND
- Source citation: Work cat.: (ARRUPE)0: Mounce, H. O. 21747, Wittgenstein's Tractatus :, 1981